Golfers Who Won the Masters by Picture - Statistics

General Stats
  • This quiz has been taken 172 times
    92 since last reset
  • The average score is 25 of 57
Answer Stats
Picture Hint Answer % Correct
2023 Jon Rahm
96%
2015 Jordan Spieth
96%
2025 | 2026 Rory McIlroy
96%
2022 | 2024 Scottie Scheffler
95%
1997 | 2001 | 2002 | 2005 | 2019 Tiger Woods
95%
2012 | 2014 Bubba Watson
87%
2020 Dustin Johnson
87%
2004 | 2006 | 2010 Phil Mickelson
86%
2021 Hideki Matsuyama
85%
2018 Patrick Reed
85%
1963 | 1965 | 1966 | 1972 | 1975 | 1986 Jack Nicklaus
82%
2017 Sergio García
78%
1977 | 1981 Tom Watson
78%
2007 Zach Johnson
78%
2000 Vijay Singh
76%
2013 Adam Scott
73%
1941 Craig Wood
73%
1958 | 1960 | 1962 | 1964 Arnold Palmer
72%
1961 | 1974 | 1978 Gary Player
64%
1992 Fred Couples
63%
1989 | 1990 | 1996 Nick Faldo
63%
1980 | 1983 Seve Ballesteros
59%
1951 | 1953 Ben Hogan
56%
2016 Danny Willett
55%
2009 Ángel Cabrera
46%
1994 | 1999 José María Olazábal
46%
1985 | 1993 Bernard Langer
41%
1949 | 1952 | 1954 Sam Snead
40%
2011 Charl Schwartzel
38%
2008 Trevor Immelman
38%
2003 Mike Weir
37%
1998 Mark O'Meara
32%
1984 Ben Crenshaw
29%
1935 Gene Sarazen
29%
1991 Ian Woosnam
28%
1987 Larry Mize
28%
1988 Sandy Lyle
28%
1982 Craig Stadler
23%
1979 Fuzzy Zoeller
21%
1934 | 1936 Horton Smith
21%
1976 Raymond Floyd
17%
1937 | 1942 Byron Nelson
10%
1970 Billy Casper
9%
1968 Bob Goalby
9%
1973 Tommy Aaron
9%
1959 Art Wall Jr.
8%
1971 Charles Coody
8%
1967 Gay Brewer
8%
1940 | 1947 Jimmy Demaret
8%
1957 Doug Ford
6%
1956 Jack Burke Jr.
6%
1969 George Archer
5%
1955 Cary Middlecoff
4%
1948 Claude Harmon
3%
1938 Henry Picard
3%
1946 Herman Keiser
3%
1939 Ralph Guldahl
3%
No matching quizzes found
Score Distribution
Percent of People with Each Score
Percentile by Number Answered
Your Score History
You have not taken this quiz since the last reset